000 01508nam a2200337Ia 4500
005 20211105120654.0
008 130821s2016 sp a gr spa
020 _z9781416041962
020 _a9788445826584 (2a.Ed.)
020 _a9788445802007
040 _aCO-Bo-UCM
_bspa
_cSaul Niño (Modificó)
_d[Nuevo]
041 0 0 _aspa
060 0 0 _aQT 104
100 1 _aMulroney, Susan E.
_966371
245 1 0 _aNetter fundamentos de fisiología
_cSusan E. Mulroney yAdam K. Myers ; Ilustraciones de Frank H. Netter
260 _aBarcelona (España)
_bElsevier
_c2016
300 _axv, 402 páginas
_bilustraciones
500 _aIncluye índice
650 7 _aAparato respiratorio
_xFisiología
_99223
650 7 _aBiología humana
_97344
650 7 _aFisiología celular
_915929
650 7 _aFisiología humana
_915943
650 7 _aFisiología
_915925
650 7 _aSistema cardiovascular
_xFisiología
_924511
690 _aFisiología
_915925
700 1 _aMyers, Adam K.
_966372
700 1 _aNetter, Frank H.
_d1906-1991
_941622
765 1 _tNetters's Essential Physiology
856 4 _uhttp://ez.urosario.edu.co/login?url=http://crai-recursos.urosario.edu.co/valida/index2.php?correo=^u&url=https%3A%2F%2Fstudentconsult.inkling.com%2Fread%2Fmulroney-netters-essential-physiology-2%2Fvideos%2Fvideo-tutorials&cadena=TmV0dGVyIGZ1bmRhbWVudG9zIGRlIGZpc2lvbG9nw61hfHdlYmlibGlvdGVjYUB1cm9zYXJpby5lZHUuY298dXJvc2FyaW8=
_zMaterial complementario
942 _cLIBRO
_a26
_e2
_mM961f
_2NLM
_hQT 104
_n0
999 _c75181
_d75181